000 01974nam a2200301 i 4500
003 DO-SdBNP
005 20260324145855.0
007 ta
008 260216b2025 dr ||||| |||| 00| 0 spa d
020 _a9789945510942
040 _aDO-SdBNP
_bspa
_cBNPHU
_erda
041 _aspa
082 4 _axxx
_bV443so
_222
100 1 _aVeloz Maggiolo, Marcio,
_d1936-2021
_eautor
_4aut.
_91104
245 1 0 _aSobre cultura dominicana... y otras culturas /
_cMarcio Veloz Maggiolo ; coordinación editorial, Clara Dobarro ; edición, María del Carmen Vicente, Manuel Ángel Suárez y Andrés Blanco.
264 4 _aSanto Domingo, República Dominicana :
_bEditora Nacional,
_c©2025
300 _a229 páginas ;
_c23 cm.
336 _atexto
_btxt
_2rdacontent
337 _asin mediación
_bn
_2rdamedia
338 _avolumen
_bnc
_2rdacarrier
505 _aNota editorial 9 -- Presentación 11 -- Introducción 13 -- El criollo y sus luchas 15 -- La cultura de los dominicanos durante la Primera República 35 -- El arte como resultado social en Santo Domingo y las Antillas precolombinas 55 -- Supervivencias culturales aborígenes en Santo Domingo 71 -- Modalidades del juego de pelota entre los aborígenes americanos 77 -- Teoría de la plaza indígena 85 -- Materiales de infancia 89 -- Tener un vientre limpio 93 -- Entre vino y humo, «jumo» 97 -- Tipología del tema haitiano en la literatura dominicana 99 -- Notas sobre la novela dominicana 149 -- El oro y la paz I 171 -- El oro y la paz II 175 -- Aproximación a la soledad 179 -- Pär Lagerkvist en la novela dominicana 187 -- Asturias 191 -- Significado histórico de la revolución neolítica 195 -- Libertad y sociedades 207 -- La mujer: su esfuerzo biológico 221
590 _aInventariado, 2026 /LP
700 1 _aDobarro, Clara,
_ecoordinador
_4coord.
_934619
700 1 _aVicente, María del Carmen,
_eedición
_4ed.
700 1 _aBlanco, Andrés,
_eedición
_4ed.
_976085
910 _aLP
942 _2ddc
_cLBS1
999 _c60327
_d60327